000 01300nam a22001697a 4500
003 OSt
005 20120303100205.0
008 110128t xxu||||| |||| 00| 0 eng d
040 _cVPM, Thane
100 _aबेडेकर, विजय वा.
_9309
245 _a१२३ दिशा : नोव्हेंबर २००७
260 _aठाणे
_bविद्या प्रसारक मंडळ
_c२००७
520 _aबेडेकर, विजय वा.; मठ, शं. बा.; शेवडे, मैत्रयी; सिंग, शकुंतला; पाठक, मोहन; ठाकुर, अशोक; भिडे, आशा; कुसेकर, चंदाराणी; साने, यशवंत; आठल्ये, श्रीनिवास
600 _aबेडेकर, विजय वा.; मठ, शं. बा.; शेवडे, मैत्रयी; सिंग, शकुंतला; पाठक, मोहन; ठाकुर, अशोक; भिडे, आशा; कुसेकर, चंदाराणी; साने, यशवंत; आठल्ये, श्रीनिवास
_9310
856 _uhttp://dspace.vpmthane.org:8080/jspui/bitstream/123456789/759/1/123dishaNov2007.pdf
942 _2ddc
_cEJOURNAL
999 _c827673
_d827670